| 000 | 00000nam##2200000za#4500 |
| 001 | 9.683476 |
| 003 | CaOODSP |
| 005 | 20210615133604 |
| 007 | ta |
| 008 | 150407|2006||||xxc||||| f|0| 0 fre|d |
| 020 | |a0-662-72724-X |
| 040 | |aCaOODSP|bfre |
| 043 | |an-cn--- |
| 086 | 1 |aH164-37/2006F |
| 110 | 1 |aCanada. |bDirection générale des produits de santé et des aliments. |
| 245 | 10|aSignalement des effets secondaires causés par vos médicaments : |bce que vous devez savoir / |c[développé par] Direction des produits de santé commercialisés. |
| 246 | 17|aSignalement des effets secondaires : ce que vous devez savoir |
| 260 | |aOttawa - Ontario : |bSanté Canada. |c2006. |
| 300 | |a32p.|bill., photographies |
| 500 | |aSur la couverture: MedEffect Canada - ensemble nous pouvons améliorer l'innocuité des produits de santé. |
| 520 | 3 |aLe présent guide aborde les aspects suivants : les médicaments qui devraient faire l’objet d’un signalement; les types d’effets secondaires dont il faut prendre note et procéder au signalement; comment reconnaître les symptômes d’un effet secondaire et les surveiller; qui informer lorsqu’on croit qu’un médicament cause un effet secondaire; comment remplir le formulaire de déclaration des effets secondaires de Santé Canada; comment sont traitées les déclarations d’effets secondaires. |
| 563 | |aCouverture souple |
| 590 | |a07-20|b2007-05-18 |
| 691 | 07|aEffet secondaire|2gcpds |
| 691 | 07|aMédicament|2gcpds |
| 775 | 08|tReporting side effects from your medicine : |w(CaOODSP)9.650361 |
| 776 | 0#|tSignalement des effets secondaires causés par vos médicaments : |w(CaOODSP)9.633335 |
| 986 | |aSC Pub.: 4673 |